000 00808cam a22001814a 4500
005 20250605164403.0
008 250528s ||||||||||||||||||||||||d
035 _a24695
040 _aGR-AtMCL
_bgre
_dGR-AtMCL
_eAACR2
245 1 _aΑγορά κι από Αύγουστο Χειμώνα / Χρήστος Σταϊκούρας: Τέλος του Μήνα θα Έχουμε Εικόνα
260 _bMotori Επε,
_c2020
300 _a46
520 _aΑπό τον Κεμάλ Ντερβίς στον... Γαμπρό του Ερντογάν, Η Μαριάννα και το Ενημερωτικό και το Mall, Επόμενη Πελατεία οι Σημερινοί 16άρηδες.
700 1 _aΚανουπάκης Γιάννης
_99504
942 _cCR
999 _c9562
_d9562